Personnalités au hasard #63 - Statistiques

Statistiques générales
  • Ce quiz a été pris 151 fois
  • Le résultat moyen est 7 sur 32
Statistiques - réponses
Par images Réponse % Correct
Samuel Étienne
86%
Conor McGregor
64%
Vladimir Ilitch Lénine
58%
Mouammar Kadhafi
56%
Sergio Agüero
47%
Sting
45%
Khaby Lame
40%
Maria Sharapova
30%
Islam Slimani
27%
Jaja
25%
Arié Elmaleh
23%
Balti
19%
Jean-Michel Basquiat
17%
Marvin Gaye
15%
Alex Ramirès
13%
Ladji Doucouré
13%
JoJo Siwa
11%
Woodrow Wilson
11%
Yassine Belattar
11%
Henri III
10%
Nej'
10%
Mohammed Merah
6%
Paul Doumer
6%
Patrice de Mac Mahon
5%
Josh Cavallo
4%
Mohamed Al-Fayed
4%
So Kahina
4%
Habib Bourguiba
3%
James Baldwin
3%
Gaston Monnerville
2%
Kim Petras
2%
Paul Valéry
2%
Aucun quiz correspondant
Distribution des résultats
% des personnes avec chaque résultat
Percentile par nombre de réponses
Votre historique - résultats
Vous n’avez pas pris ce quiz